书目信息 |
| 题名: |
全国计算机等级考试二级教程
|
|
| 作者: | 徐士良 主编 | |
| 分册: | 基础知识 | |
| 出版信息: | 北京 高等教育出版社 2002.04 |
|
| 页数: | 126页 | |
| 开本: | 26cm | |
| 丛书名: | 全国计算机等级考试大纲与教程系列 | |
| 单 册: | ||
| 中图分类: | TP3 | |
| 科图分类: | ||
| 主题词: | 电子计算机--水平考试--教材 , 计算技术 | |
| 电子资源: | ||
| ISBN: | 7-04-010593-4 | |
| 000 | 00949nam2 2200265 45 | |
| 005 | 20080619161502.17 | |
| 010 | @a7-04-010593-4@dCNY 12.00 | |
| 100 | @a20020620e2002 ekmy0chiy0121 ea | |
| 101 | 0 | @achi |
| 102 | @aCN@b110000 | |
| 105 | @aak z 000yy | |
| 200 | 1 | @a全国计算机等级考试二级教程@Aquan guo ji suan ji deng ji kao shi er ji jiao cheng@i基础知识@f徐士良主编 |
| 205 | @a修订版 | |
| 210 | @a北京@c高等教育出版社@d2002.04 | |
| 215 | @a126页@c图,表格@d26cm | |
| 225 | 2 | @a全国计算机等级考试大纲与教程系列 |
| 330 | @a本书是全国计算机等级考试二级教程(基础知识)指定培训教材. 全书共分六章, 每章后面均附有练习题及参考答案; 本书仅供二级QBASIC、FORTRAN、C、FoxBASE+ 考试使用. | |
| 410 | 0 | @12001 @a全国计算机等级考试大纲与教程系列 |
| 517 | 1 | @a基础知识 |
| 606 | 0 | @a电子计算机@x水平考试@j教材 |
| 606 | 0 | @a计算技术 |
| 690 | @aTP3@v4 | |
| 701 | 0 | @a徐士良@Axv shi liang@4主编 |
| 801 | 0 | @aCN@bQSSK2@c20080619 |
| 905 | @dTP3@eX800 | |
| 全国计算机等级考试二级教程.基础知识/徐士良主编.-修订版.-北京:高等教育出版社,2002.04 |
| 126页:图,表格;26cm.-(全国计算机等级考试大纲与教程系列) |
| ISBN 7-04-010593-4:CNY 12.00 |
| 本书是全国计算机等级考试二级教程(基础知识)指定培训教材. 全书共分六章, 每章后面均附有练习题及参考答案; 本书仅供二级QBASIC、FORTRAN、C、FoxBASE+ 考试使用. |
| ● |
| 相关链接 |
|
|
|
正题名:全国计算机等级考试二级教程
索取号:TP3/X800
 
预约/预借
| 序号 | 登录号 | 条形码 | 馆藏地/架位号 | 状态 | 备注 |
| 1 | 386808 | 203868083 | 期刊室512/301自科库 101排2列3层/ [索取号:TP3/X800] | 在馆 | |
| 2 | 386809 | 203868092 | 期刊室512/301自科库 101排2列3层/ [索取号:TP3/X800] | 在馆 | |
| 3 | 386810 | 203868109 | 期刊室512/301自科库 101排2列3层/ [索取号:TP3/X800] | 在馆 | |
| 4 | 453041 | 204530418 | 期刊室512/301自科库 101排2列3层/ [索取号:TP3/X800] | 在馆 |